Finančná matematika I

Guardado en:
Detalles Bibliográficos
Autor principal: Pinda, Ľudovít, 1958-
Autor Corporativo: Ekonomická univerzita v Bratislave. Fakulta hospodárskej informatiky
Otros Autores: Švábová, Lucia, Simonka, Zsolt, 1974-
Formato: Libro
Lenguaje:eslovaco
Publicado: Bratislava Letra Edu 2021
Edición:1. vydanie
Materias:
Etiquetas: Agregar Etiqueta
Sin Etiquetas, Sea el primero en etiquetar este registro!

MARC

LEADER 00000nam a2200000 4500
001 0280786
005 20240502074348.0
020 |a 978-80-89962-82-2 
020 |a 978-80-89962-83-9 
041 0 |a slo 
044 |a SK 
245 1 0 |a Finančná matematika I  |c Ľudovít Pinda ; recenzovali: Lucia Švábová, Zsolt Simonka 
250 |a 1. vydanie 
264 1 |a Bratislava  |b Letra Edu  |c 2021 
300 |a 149 s. [7,45 AH] 
610 2 0 |a matematika finančná 
610 2 0 |a miera úroková 
610 2 0 |a pôžičky 
610 2 0 |a projekty investičné 
100 1 |a Pinda, Ľudovít, 1958- 
700 1 |a Švábová, Lucia 
700 1 |a Simonka, Zsolt, 1974- 
710 2 |a Ekonomická univerzita v Bratislave. Fakulta hospodárskej informatiky